| 000 | 00746pam a2200217 a 4500 | ||
|---|---|---|---|
| 001 | 2087783 | ||
| 005 | 20250322111915.0 | ||
| 008 | 950710s1996 njua b 001 0 eng | ||
| 020 | _a013326307X (pbk.) | ||
| 020 | _a9780133263077 | ||
| 050 | 0 | 0 |
_aLB1570 _b.R55 1996 |
| 082 | 0 | 0 |
_a375/.001 _220 |
| 100 | 1 |
_aRoberts, Patricia, _d1936- |
|
| 245 | 1 | 2 |
_aA guide for developing an interdisciplinary thematic unit / _cPatricia L. Roberts, Richard D. Kellough. |
| 260 |
_aEnglewood Cliffs, N.J. : _bMerrill, _cc1996. |
||
| 300 |
_ax, 276 p. : _bill. ; _c28 cm. |
||
| 650 | 0 |
_aInterdisciplinary approach in education _zUnited States. |
|
| 650 | 0 |
_aLesson planning _zUnited States. |
|
| 700 | 1 |
_aKellough, Richard D. _q(Richard Dean) |
|
| 942 |
_2lcc _cBK _n0 |
||
| 999 |
_c5079 _d5079 |
||